[Event "San Francisco TNM Summer op"]
[Site "San Francisco"]
[Date "2013.07.16"]
[Round "8"]
[White "Rubandhas, Samprabhu"]
[Black "Morgan, Jerry"]
[Result "0-1"]
[WhiteElo "1333"]
[BlackElo "1575"]
[PlyCount "52"]
[EventDate "2013.05.28"]
[EventType "swiss"]
[EventRounds "8"]
[EventCountry "USA"]
[SourceTitle "EXT 2016"]
[Source "ChessBase"]
[SourceDate "2015.10.08"]
[SourceVersion "1"]
[SourceVersionDate "2015.10.08"]
[SourceQuality "1"]

1. e4 c6 2. d4 d5 3. Nc3 dxe4 4. Nxe4 Bf5 5. Ng3 Bg6 6. Bd3 Qxd4 7. Nf3 Qd5 8. 0-0 Bxd3 9. cxd3 Nd7 10. Bf4 Ngf6 11. Re1 0-0-0 12. Qa4 Qc5 13. Rac1 Qb6 14. Ne5 Nxe5 15. Rxe5 Rd5 16. Be3 Qc7 17. Rxd5 Nxd5 18. Qxa7 Qb8 19. Qxb8+ Kxb8 20. Bd4 f6 21. a3 e5 22. Bc3 Bc5 23. b4 Ba7 24. Ne4 Nf4 25. Rd1 Rd8 26. Nc5 Ne2+ 0-1

[Event "San Francisco TNM Summer op"]
[Site "San Francisco"]
[Date "2013.06.25"]
[Round "5"]
[White "Hack, Richard"]
[Black "Rubandhas, Samprabhu"]
[Result "1-0"]
[WhiteElo "1633"]
[BlackElo "1333"]
[PlyCount "65"]
[EventDate "2013.05.28"]
[EventType "swiss"]
[EventRounds "8"]
[EventCountry "USA"]
[SourceTitle "EXT 2016"]
[Source "ChessBase"]
[SourceDate "2015.10.08"]
[SourceVersion "1"]
[SourceVersionDate "2015.10.08"]
[SourceQuality "1"]

1. e4 e5 2. Nf3 Nc6 3. Bb5 a6 4. Ba4 Nf6 5. 0-0 Nxe4 6. d4 b5 7. Bb3 d5 8. dxe5 Be6 9. Nbd2 Nc5 10. c3 Nxb3 11. Nxb3 Be7 12. Qe2 Bg4 13. Bf4 0-0 14. h3 Bxf3 15. Qxf3 f6 16. e6 Ne5 17. Qg3 Bd6 18. Rfe1 Ng6 19. Bxd6 cxd6 20. Nd4 Ne7 21. a4 Qb6 22. axb5 axb5 23. Qd3 Rab8 24. b4 Nc6 25. Nf5 Ne5 26. Qxd5 Rfe8 27. Nxd6 Re7 28. Nf5 Rxe6 29. Nd4 Rbe8 30. Nxe6 Rxe6 31. Kf1 Kf7 32. f4 Nc4 33. Qd7+ 1-0

[Event "San Francisco TNM Fall op"]
[Site "San Francisco"]
[Date "2012.10.23"]
[Round "2"]
[White "Campers, William"]
[Black "Rubandhas, Samprabhu"]
[Result "1-0"]
[WhiteElo "1607"]
[BlackElo "1266"]
[PlyCount "63"]
[EventDate "2012.10.16"]
[EventType "swiss"]
[EventRounds "9"]
[EventCountry "USA"]
[SourceTitle "EXT 2014"]
[Source "ChessBase"]
[SourceDate "2013.11.20"]
[SourceVersion "1"]
[SourceVersionDate "2013.11.20"]
[SourceQuality "1"]

1. e4 d5 2. exd5 Qxd5 3. Nc3 Qa5 4. Nf3 Nf6 5. d4 c6 6. Bd2 Qc7 7. Ne5 e6 8. Bd3 Bd6 9. f4 0-0 10. Qe2 Nbd7 11. Ne4 c5 12. c3 b6 13. 0-0 Bb7 14. Nxd6 Qxd6 15. Be3 Ne4 16. Rad1 Qe7 17. Nxd7 Qxd7 18. dxc5 Qc7 19. cxb6 axb6 20. Bd4 f5 21. Be5 Qc5+ 22. Kh1 Rxa2 23. Bc4 Raa8 24. Bxe6+ Kh8 25. Rd7 Rf6 26. Bxf6 gxf6 27. Qh5 Nf2+ 28. Rxf2 Ra1+ 29. Rd1 Rxd1+ 30. Qxd1 Qxf2 31. Qd8+ Kg7 32. Qe7+ 1-0

[Event "IECC M1-2012.T039"]
[Site "IECC email"]
[Date "2012.06.27"]
[Round "?"]
[White "Rubandhas, Samprabhu"]
[Black "Basson, Heinrich"]
[Result "1/2-1/2"]
[WhiteElo "1366"]
[BlackElo "1633"]
[PlyCount "30"]
[EventDate "2012.??.??"]
[EventType "match (corr)"]
[EventRounds "2"]
[SourceTitle "Corr 2020"]
[Source "ChessBase"]
[SourceDate "2019.09.30"]
[SourceVersion "1"]
[SourceVersionDate "2019.09.30"]
[SourceQuality "1"]
[WhiteTeam "United States"]
[BlackTeam "South Africa"]
[WhiteTeamCountry "USA"]
[BlackTeamCountry "RSA"]

1. e4 c6 2. d4 d5 3. exd5 cxd5 4. Bd3 Nf6 5. h3 e6 6. Nf3 Bd6 7. 0-0 0-0 8. c3 b6 9. a4 Ba6 10. Bxa6 Nxa6 11. Bg5 Nc7 12. Nbd2 Nce8 13. Ne5 Qc7 14. Re1 Nd7 15. f4 a6 1/2-1/2